01408nam a22001937a 45000010005000000030006000050050017000110080041000280200018000690400029000870500016001160820012001321000021001442450038001652600050002033000051002535200886003046500024011905631FISKH20250108131409.0250108b cb ||||| |||| 00| 0 eng d a9780195798333 aFISKHbengcFISKHdFISKH aPR9540.S485 a823.914 aShamsie, Kamila  aKartography / cby Kamila Shamsie aNew York : bOXford University Press ;c2002. a343 pages : billustrations, maps ; c22 cm .  aSoul mates from birth Karim and Raheen are irrevocably bound to one another and to Karachi. It beats in their hearts - violent, polluted, corrupt, vibrant, brave and ultimately, home. However, Raheen is fiercely loyal and naively blinkered and she resents Karim's need to map their city and to expand the privileged world they know. When Karim is forced to leave for London their differences of opinion become a painful quarrel. As the years go by they let a barrier of silence build between them until, finally, they are brought together during a dry summer of strikes and ethnic violence and their relationship is poised between strained friendship and fated love. Impassioned and touching Kartography is a love song to Karachi. In her extraordinary new novel, Kamila Shamsie shows us that whatever happens in the world we must never forget the complicated war in our own hearts. afriendshipvfiction